000 00681nam a2200289Ia 4500
005 20260324121252.0
008 008 260324s9999 xx 000 0 eng d
020 _a9780429090745
037 _aEBOOK
040 _aCRL
040 _beng
040 _cCRL
041 _2eng
041 _aeng
084 _qCRL
100 _aJunji Haruyama
_91161850
245 0 _aCarbon-based Superconductors
245 0 _bTowards High-Tc Superconductivity
260 _bTaylor and Francis
260 _c2014
365 _a
365 _b260
856 _uhttp://www.taylorfrancis.com/books/9780429090745
942 _cEBOOK
999 _c1753851
_d1753851